000 00587nam a2200193Ia 4500
005 20250508155754.0
008 008 250505s9999 xx 000 0 eng d
037 _aDissertations
040 _aFEDL
_beng
_cFEDL
041 _aeng
_2eng
084 _a301.152, LAX/DI
_qFEDL
100 _aLaxmi Chand
_9412477
245 0 _aTo study cohesiveness among teachers of government higher secondary schools of Delhi
260 _c1975
300 _a41p.
546 _aM. Ed. Dissertation (Delhi University)
942 _cDIS
_h301.152, LAX/DI
999 _c1359225
_d1359225